000 01091nam a2200229Ia 4500
001 16097
003 GE_BSU
008 181216s||||||||xx |||||||||||||| ||und||
040 _cGE_BSU
080 _a821.353.1-31
100 _aჯავახიშვილი, მ. (მიხეილ, 1880-1937)
245 _aთხზულებანი : 8 ტომადტ. 4 : არსენა მარაბდელი
245 _bრომანი
245 _cგამოსაც. მოამზადა და შენიშვნები დაურთო ლ. მეგრელიშვილმა ; რედ.:გ. მერკვილაძე.სარედ. კოლ.: გ. გვერდწითელი, გ. მერკვილაძე, ბ. ჟღენტი და სხვ
260 _aთბილისი
260 _bსაბჭ. საქართველო
260 _c1977
300 _a590 გვ.22 სმ.
653 _aარსენა მარაბდელი
653 _aთხზულებანი
942 _cBK
999 _c49186
_d49186